MÁ BYŤ POLITIKA PREDMETOM ŠKOLSKÉHO VYUČOVANIA?

Bibliographic Details
Main Authors: Rumpel, Mikuláš (Author), Čečetka, Juraj, 1907-1983 (Author)
Format: Article
Language:Slovak

MARC

LEADER 00000nab a2200000 a 4500
001 vtls010721745
003 SK-MaSNL
005 20260304191252.0
008 250709s1937 xo |||||||||||||||||slo|
035 |a (urnnbn)urn:nbn:sk:snk:ar-a04sa9 
035 |a (uuid)7ac3852d-ecc4-4723-a773-6583979de9aa 
035 |a urn:nbn:sk:snk-ab3mio 
040 |a SNKBUCL  |b slo  |c SNKBUCL  |e AACR2 
041 0 |a slo 
044 |a xo  |c SK 
100 1 |a Rumpel, Mikuláš  |4 aut  |9 62462 
245 1 0 |a MÁ BYŤ POLITIKA PREDMETOM ŠKOLSKÉHO VYUČOVANIA?  |c Mik. Rumpel, J. Čečetka. 
700 1 |a Čečetka, Juraj,  |d 1907-1983  |4 aut  |9 38387 
773 0 |t Pedagogický sborník  |g Roč. 4, č. 3-5 (1937), s. 203-210 
850 |a Slovenská národná knižnica 
852 |a Slovenská národná knižnica 
954 |a odborná, vedecká literatúra pôvodná (slovenská)  |2 lita 
958 |a article1 
958 |a OND 
958 |a EUIPO 
999 |c 3053258  |d 3055188